书目信息 |
| 000 | 00482nam0 2200193 450 | |
| 001 | 0563354585 | |
| 005 | 20060718105649.17 | |
| 010 | @dCNY0.80 | |
| 100 | @a20051124d km y0chiy0120 ea | |
| 101 | 0 | @achi |
| 102 | @aCN@b110000 | |
| 200 | 1 | @a天演论@Atian yan lun@f赫胥黎 著@Fhe xu li zhu |
| 210 | @c商务印书馆@a北京 | |
| 606 | 0 | @a哲学@x欧洲 |
| 690 | @aB561.43@v3 | |
| 701 | 0 | @a赫胥黎@Ahe xu li@4著 |
| 801 | 0 | @aCN@bPFT@c20060718 |
| 905 | @a10447@dB561.43@e5 | |
| 906 | @d12@n0@r1 | |
| 天演论/赫胥黎 著.-商务印书馆;北京 |
| ISBN :CNY0.80 |
| ● |
| 相关链接 |
|
|
|
|
正题名:天演论
索取号:B561.43/5
 
预约/预借
| 序号 | 登录号 | 条形码 | 馆藏地/架位号 | 状态 | 备注 |
| 1 | 0424363 | 204243639 | 密集书库/ [索取号:B561.43/5] | 在馆 |